| 000 | 00493cam a2200193ua 4500 | ||
|---|---|---|---|
| 020 | _c25.00 | ||
| 041 |
_aeng _h |
||
| 082 |
_a294.5 _bDUB/HI |
||
| 100 | _aDubois, Abbef.A . | ||
| 245 |
_aHindu manners customs and ceremonies / _cA.Abbef Dubois. _hTextual Documents |
||
| 250 |
_a3 / _b. |
||
| 260 |
_a : _bOxford at the Clarendon Press , _c1959. |
||
| 300 | _a741 ; . | ||
| 365 | _a25.00 | ||
| 504 | _a | ||
| 700 | 1 | _aBeauchamp, Henry.K . | |
| 942 | _cBK | ||
| 999 |
_c1631 _d1631 |
||